000 00553nam a2200217 a 4500
999 _c4004
_d4004
001 4004
003 BD-JhCC
005 20220614134022.0
008 171120s1977 ii |||| ||a| 00| 0 eng d
035 _a(BD-JhCC)4004
040 _aBD-JhCC
_dBD-JhCC
041 _aeng
082 _a297
_bFIR 1977
245 _aThe First Book Of Islam :
_bCharity and Hajj Duties to the community /
260 _aDelhi :
_bKitab Bhavan,
_c1977.
300 _a32 p. :
_c18 cm.
490 _aLessons in Islam
650 _a5611
942 _2ddc
_cBK
_01